Municipalities of Milwaukee County, Wisconsin - Statistics

General Stats
  • This quiz has been taken 522 times
    500 since last reset
  • The average score is 12 of 19
Answers on the Map
Answers color-coded by a green-red scale on the quiz's map according to % correct below.
 
Answer Stats
Municipality % Correct
City of Milwaukee
99%
City of South Milwaukee
81%
City of West Allis
77%
City of Wauwatosa
73%
Village of Whitefish Bay
72%
City of Greenfield
70%
City of Oak Creek
70%
City of Cudahy
68%
City of Franklin
68%
Village of Shorewood
67%
Village of Greendale
65%
Village of Brown Deer
63%
City of Glendale
61%
Village of West Milwaukee
59%
City of Saint Francis
54%
Village of Hales Corners
45%
Village of Fox Point
44%
Village of River Hills
38%
Village of Bayside
29%
No matching quizzes found
Score Distribution
Percent of People with Each Score
Percentile by Number Answered
Your Score History
You have not taken this quiz since the last reset